[Event "ISR-chT"]
[Site "Israel"]
[Date "2020.02.15"]
[Round "8.5"]
[White "Gorshtein, Ido"]
[Black "Ganor, Dotan"]
[Result "1/2-1/2"]
[WhiteElo "2372"]
[BlackElo "2276"]
[PlyCount "188"]
[EventDate "2020.01.10"]
[EventType "team-tourn"]
[EventRounds "11"]
[EventCountry "ISR"]
[SourceTitle "CBM 194 Extra"]
[Source "ChessBase"]
[SourceDate "2020.03.31"]
[SourceVersion "1"]
[SourceVersionDate "2020.03.31"]
[SourceQuality "1"]
[WhiteTeam "Kfar Saba Hapoel"]
[BlackTeam "Herzliya"]
[WhiteTeamCountry "ISR"]
[BlackTeamCountry "ISR"]

1. c4 c5 2. Nf3 Nf6 3. Nc3 Nc6 4. d4 cxd4 5. Nxd4 e6 6. a3 Be7 7. e4 0-0 8. Be2 d5 9. cxd5 exd5 10. Nxc6 bxc6 11. exd5 Nxd5 12. Nxd5 Qxd5 13. Qxd5 cxd5 14. 0-0 a5 15. Rd1 Be6 16. Be3 Bf6 17. Bd4 Bxd4 18. Rxd4 Rfb8 19. Rb1 Bf5 20. Bd3 Bxd3 21. Rxd3 Rb5 22. b3 f6 23. g3 Kf7 24. Rc1 Ra7 25. a4 Rb4 26. Rc5 d4 27. Rd5 Rab7 28. R5xd4 Rxd4 29. Rxd4 Rxb3 30. Rd5 Ra3 31. Rxa5 h5 32. Ra7+ Kg6 33. h4 Ra2 34. Kg2 Ra3 35. a5 Kh6 36. a6 Kg6 37. Ra8 Kf5 38. a7 Kg6 39. f3 Ra2+ 40. Kf1 Kh7 41. Ke1 g6 42. Rf8 Rxa7 43. Rxf6 Ra2 44. Rf7+ Kg8 45. Rf4 Kg7 46. Kf1 Rb2 47. Re4 Kf6 48. Re2 Rb3 49. Kf2 Ra3 50. Rb2 Rc3 51. Ra2 Rb3 52. Ke2 Rc3 53. Rd2 Ra3 54. Rd3 Ra5 55. Kf2 Rb5 56. Rd4 Rb3 57. Re4 Ra3 58. Rb4 Rc3 59. Rb6+ Kf7 60. Rb2 Kf6 61. Kg2 Ra3 62. Rb6+ Kf7 63. g4 hxg4 64. fxg4 Kg7 65. Rb7+ Kf6 66. Rb6+ Kg7 67. Re6 Kf7 68. Rd6 Kg7 69. Rd4 Rb3 70. g5 Kf7 71. Rf4+ Kg7 72. Rf3 Rb4 73. Kg3 Ra4 74. Rf4 Ra7 75. Rd4 Rf7 76. Rf4 Ra7 77. Kf3 Ra5 78. Rb4 Re5 79. Kf4 Re7 80. Re4 Ra7 81. Rb4 Re7 82. Rb5 Kf7 83. Ra5 Kg7 84. Re5 Ra7 85. Ke3 Ra3+ 86. Kf4 Ra7 87. Re3 Ra5 88. Re7+ Kg8 89. Rb7 Ra4+ 90. Ke5 Rxh4 91. Rb8+ Kf7 92. Rb7+ Kg8 93. Kf6 Rf4+ 94. Kxg6 Rf8 1/2-1/2

[Event "Pardubice Czech op-A 21st"]
[Site "Pardubice"]
[Date "2010.07.28"]
[Round "6"]
[White "Ganor, Dotan"]
[Black "Hoffmann, Hendrik"]
[Result "0-1"]
[WhiteElo "2342"]
[BlackElo "2209"]
[PlyCount "120"]
[EventDate "2010.07.23"]
[EventType "swiss"]
[EventRounds "9"]
[EventCountry "CZE"]
[SourceTitle "CBM 137 Extra"]
[Source "ChessBase"]
[SourceDate "2010.09.01"]
[SourceVersion "1"]
[SourceVersionDate "2010.09.01"]
[SourceQuality "1"]

1. e4 c5 2. Nf3 d6 3. d4 cxd4 4. Nxd4 Nf6 5. Nc3 Nc6 6. Bg5 e6 7. Bb5 Qb6 8. Be3 Qc7 9. Nb3 Bd7 10. Qd2 Be7 11. Be2 a6 12. g4 h6 13. f4 Na5 14. Nxa5 Qxa5 15. Bf3 Bc6 16. h4 0-0-0 17. g5 hxg5 18. hxg5 Rxh1+ 19. Bxh1 Ng4 20. Bg1 f5 21. Bf3 e5 22. Bxg4 fxg4 23. f5 d5 24. exd5 Bxd5 25. Nxd5 Qxd2+ 26. Kxd2 Rxd5+ 27. Ke2 Bxg5 28. Be3 Bxe3 29. Kxe3 Rd4 30. Rh1 g3 31. Kf3 Rf4+ 32. Kxg3 Rxf5 33. Rh7 Rf7 34. Rh5 Re7 35. Kf3 e4+ 36. Ke3 Kd7 37. Rg5 Ke6 38. c4 Kf6 39. Rg2 g5 40. b4 Kf5 41. Rf2+ Kg4 42. Rg2+ Kh4 43. Rg1 g4 44. Kf4 Rf7+ 45. Kxe4 g3 46. Kd5 Kh3 47. a4 Rf4 48. b5 a5 49. Kc5 Rf6 50. Kd5 Rf5+ 51. Kd6 b6 52. Kc6 Rf6+ 53. Kb7 Kh2 54. Rd1 g2 55. Ka6 g1Q 56. Rxg1 Kxg1 57. c5 bxc5+ 58. Kxa5 Rf4 59. b6 Rb4 60. Ka6 c4 0-1

[Event "ISR-chT"]
[Site "Israel"]
[Date "2010.04.16"]
[Round "5.5"]
[White "Ganor, Dotan"]
[Black "Berkovich, Mark A"]
[Result "0-1"]
[WhiteElo "2347"]
[BlackElo "2406"]
[PlyCount "50"]
[EventDate "2010.01.29"]
[EventType "team"]
[EventRounds "11"]
[EventCountry "ISR"]
[SourceTitle "EXT 2011"]
[Source "ChessBase"]
[SourceDate "2010.11.26"]
[SourceVersion "1"]
[SourceVersionDate "2010.11.26"]
[SourceQuality "1"]
[WhiteTeam "Herzliya"]
[BlackTeam "Beer Sheva II"]
[WhiteTeamCountry "ISR"]
[BlackTeamCountry "ISR"]

1. e4 e5 2. Nf3 Nc6 3. Nc3 g6 4. d4 exd4 5. Nxd4 Bg7 6. Be3 Nf6 7. Qd2 0-0 8. 0-0-0 Re8 9. f3 d5 10. Nxc6 bxc6 11. Bg5 Rb8 12. Bc4 Qd6 13. Bb3 Ba6 14. exd5 c5 15. Qf4 Re5 16. h4 Rb4 17. Qd2 c4 18. a3 Rb8 19. Ba2 Nxd5 20. Na4 Qc6 21. Rhe1 Qxa4 22. Rxe5 Bxe5 23. Qxd5 Bxb2+ 24. Kd2 Qxa3 25. Ke1 Qxa2 0-1

[Event "ISR-chT"]
[Site "Israel"]
[Date "2010.02.05"]
[Round "3.5"]
[White "Tarnopolsky, Anatoly"]
[Black "Ganor, Dotan"]
[Result "1/2-1/2"]
[WhiteElo "2312"]
[BlackElo "2347"]
[PlyCount "85"]
[EventDate "2010.01.29"]
[EventType "team"]
[EventRounds "11"]
[EventCountry "ISR"]
[SourceTitle "EXT 2011"]
[Source "ChessBase"]
[SourceDate "2010.11.26"]
[SourceVersion "1"]
[SourceVersionDate "2010.11.26"]
[SourceQuality "1"]
[WhiteTeam "Petah Tikva Elitzur"]
[BlackTeam "Herzliya"]
[WhiteTeamCountry "ISR"]
[BlackTeamCountry "ISR"]

1. d4 Nf6 2. c4 g6 3. Nc3 d5 4. cxd5 Nxd5 5. e4 Nxc3 6. bxc3 Bg7 7. Be3 c5 8. Rc1 Qa5 9. Qd2 cxd4 10. cxd4 Qxd2+ 11. Kxd2 0-0 12. Bd3 Nc6 13. Ne2 Rd8 14. Rc4 e6 15. Rb1 Na5 16. Ra4 b6 17. Bg5 f6 18. Be3 Bd7 19. Ra3 Be8 20. Rc3 Bf8 21. Ba6 Bd6 22. Ke1 Bd7 23. Bf4 Bxf4 24. Nxf4 g5 25. Nh5 Kf7 26. Rc7 Kg6 27. g4 Bc6 28. d5 exd5 29. Rc1 Rd6 30. e5 fxe5 31. Bc8 Rxc8 32. Rxc8 Bd7 33. Rg8+ Kh6 34. f3 Nb7 35. Rc7 Nc5 36. Rxa7 d4 37. Ng3 Rc6 38. h4 Rg6 39. Rxg6+ hxg6 40. h5 gxh5 41. Nxh5 Be6 42. Ng7 Bd7 43. Nf5+ 1/2-1/2

[Event "Winterthur op"]
[Site "Winterthur"]
[Date "2006.10.12"]
[Round "7"]
[White "Ganor, Dotan"]
[Black "Haba, Petr"]
[Result "1-0"]
[WhiteElo "2339"]
[BlackElo "2526"]
[PlyCount "65"]
[EventDate "2006.10.06"]
[EventType "swiss"]
[EventRounds "9"]
[EventCountry "SUI"]
[SourceTitle "EXT 2007"]
[Source "ChessBase"]
[SourceDate "2006.11.23"]
[SourceVersion "1"]
[SourceVersionDate "2006.11.23"]
[SourceQuality "1"]

1. e4 e5 2. Nf3 Nf6 3. Nc3 Nc6 4. d4 Bb4 5. Nxe5 0-0 6. Nxc6 dxc6 7. e5 Ne4 8. Qd3 Nxc3 9. bxc3 Bf5 10. Qd2 Ba5 11. Bd3 Bxd3 12. Qxd3 c5 13. 0-0 Qd5 14. f4 f5 15. Ba3 c4 16. Qf3 Rfd8 17. Rae1 Qxf3 18. Rxf3 Rxd4 19. cxd4 Bxe1 20. c3 Bh4 21. Rh3 Bd8 22. d5 g6 23. Kf2 h5 24. Ke3 Kf7 25. Kd4 c6 26. Kxc4 Rc8 27. d6 h4 28. d7 b5+ 29. Kb3 Rc7 30. Rd3 c5 31. c4 b4 32. Bc1 Ke7 33. Be3 1-0

[Event "ISR-chT"]
[Site "Israel"]
[Date "2005.04.01"]
[Round "6"]
[White "Ganor, Dotan"]
[Black "Golod, Vitali"]
[Result "0-1"]
[WhiteElo "2338"]
[BlackElo "2586"]
[PlyCount "58"]
[EventDate "2005.01.08"]
[EventType "team"]
[EventRounds "11"]
[EventCountry "ISR"]
[SourceTitle "CBM 106"]
[Source "ChessBase"]
[SourceDate "2005.06.06"]
[SourceVersion "1"]
[SourceVersionDate "2005.06.06"]
[SourceQuality "1"]

1. e4 c5 2. Nf3 Nc6 3. d4 cxd4 4. Nxd4 Qb6 5. Nb3 Nf6 6. Nc3 e6 7. Be3 Qc7 8. a3 a6 9. Be2 Be7 10. 0-0 b5 11. f4 0-0 12. Bf3 d6 13. Qe2 Nd7 14. Kh1 Rb8 15. Rfe1 Re8 16. Rad1 Nb6 17. Nd4 Nxd4 18. Rxd4 Nc4 19. Bc1 Nxa3 20. Nd5 exd5 21. bxa3 Bh4 22. g3 Bf6 23. Rxd5 Bb7 24. Rd3 Rbc8 25. Qg2 Qxc2 26. Rxd6 Qxc1 27. Rxc1 Rxc1+ 28. Rd1 Rxd1+ 29. Bxd1 Rxe4 0-1

[Event "Rishon Le Ziyyon"]
[Site "Rishon Le Ziyyon"]
[Date "2004.03.25"]
[Round "6"]
[White "Pliskine, Valeri"]
[Black "Ganor, Dotan"]
[Result "1/2-1/2"]
[WhiteElo "2212"]
[BlackElo "2317"]
[PlyCount "121"]
[EventDate "2004.03.20"]
[EventType "tourn"]
[EventRounds "9"]
[EventCountry "ISR"]
[EventCategory "4"]
[SourceTitle "CBM 099 Extra"]
[Source "ChessBase"]
[SourceDate "2004.05.04"]
[SourceVersion "1"]
[SourceVersionDate "2004.05.04"]
[SourceQuality "1"]

1. c4 c5 2. Nc3 Nf6 3. g3 d5 4. cxd5 Nxd5 5. Bg2 Nc7 6. d3 Nc6 7. f4 g6 8. Nf3 Bg7 9. 0-0 0-0 10. Be3 Nd4 11. Na4 Nd5 12. Bf2 b6 13. Qd2 Bb7 14. e3 Nxf3+ 15. Bxf3 Qd7 16. Nc3 Rfd8 17. Nxd5 Bxd5 18. Bxd5 Qxd5 19. Rfd1 Rd7 20. Qe2 Rad8 21. Rd2 e5 22. fxe5 Qxe5 23. Rad1 Bh6 24. Qf3 f5 25. d4 Qd5 26. Qxd5+ Rxd5 27. b3 cxd4 28. Rxd4 Rxd4 29. Rxd4 Rxd4 30. exd4 Kf7 31. Kf1 Ke6 32. Ke2 Kd5 33. Kd3 Bg7 34. Be3 b5 35. a4 a6 36. axb5 axb5 37. h4 Bf8 38. Bf4 Bd6 39. Ke3 Bb4 40. Be5 h6 41. h5 gxh5 42. Kf4 Bc3 43. Kxf5 Bxd4 44. Bxd4 Kxd4 45. Kg6 Ke4 46. Kxh5 Kf3 47. Kh4 b4 48. Kh3 Kf2 49. Kg4 Kg2 50. Kh4 Kf2 51. Kg4 Kg2 52. Kh4 Kf3 53. Kh3 Ke3 54. Kg4 Kd3 55. Kh5 Kc3 56. Kxh6 Kxb3 57. g4 Kc3 58. g5 b3 59. g6 b2 60. g7 b1Q 61. g8Q 1/2-1/2

[Event "Rishon Le Ziyyon"]
[Site "Rishon Le Ziyyon"]
[Date "2004.03.24"]
[Round "5"]
[White "Ganor, Dotan"]
[Black "Kaganskiy, Gleb"]
[Result "1-0"]
[WhiteElo "2317"]
[BlackElo "2376"]
[PlyCount "85"]
[EventDate "2004.03.20"]
[EventType "tourn"]
[EventRounds "9"]
[EventCountry "ISR"]
[EventCategory "4"]
[SourceTitle "CBM 099 Extra"]
[Source "ChessBase"]
[SourceDate "2004.05.04"]
[SourceVersion "1"]
[SourceVersionDate "2004.05.04"]
[SourceQuality "1"]

1. e4 c5 2. Nf3 Nc6 3. d4 cxd4 4. Nxd4 Nf6 5. Nc3 e5 6. Ndb5 d6 7. Bg5 a6 8. Na3 b5 9. Bxf6 gxf6 10. Nd5 f5 11. g3 fxe4 12. Bg2 Bf5 13. 0-0 Bg7 14. Re1 0-0 15. Bxe4 Bxe4 16. Rxe4 f5 17. Re2 e4 18. c3 Ne5 19. Nc2 Nf3+ 20. Kh1 Ra7 21. Ne1 Ne5 22. Nf4 Rf6 23. Qd5+ Kh8 24. Rd1 Rh6 25. Kg2 Re7 26. h3 Qc8 27. Nc2 Nc4 28. Nd4 Ne5 29. Nc2 Rc7 30. Ne3 Rc5 31. Qb3 Nc4 32. Rd5 Rxd5 33. Nexd5 Be5 34. a4 Qg8 35. axb5 axb5 36. Qxb5 Bxf4 37. Nxf4 Ne5 38. Qd5 Qe8 39. Re1 Ng6 40. Nxg6+ Rxg6 41. Ra1 Kg7 42. Ra7+ Kh6 43. Qd2+ 1-0

[Event "Rishon Le Ziyyon"]
[Site "Rishon Le Ziyyon"]
[Date "2004.03.20"]
[Round "1"]
[White "Rodshtein, Maxim"]
[Black "Ganor, Dotan"]
[Result "1-0"]
[WhiteElo "2357"]
[BlackElo "2317"]
[PlyCount "71"]
[EventDate "2004.03.20"]
[EventType "tourn"]
[EventRounds "9"]
[EventCountry "ISR"]
[EventCategory "4"]
[SourceTitle "CBM 099 Extra"]
[Source "ChessBase"]
[SourceDate "2004.05.04"]
[SourceVersion "1"]
[SourceVersionDate "2004.05.04"]
[SourceQuality "1"]

1. d4 Nf6 2. c4 g6 3. f3 e5 4. dxe5 Nh5 5. g3 Nc6 6. e4 d6 7. exd6 Bxd6 8. Be3 Be6 9. Nc3 Bb4 10. Qc2 Qf6 11. g4 Ng7 12. 0-0-0 Bxc3 13. bxc3 0-0 14. Bd4 Qe7 15. Kb1 Na5 16. Qa4 b6 17. Be2 c5 18. Be3 Qe8 19. Qc2 Bxc4 20. h4 Qb5+ 21. Ka1 Rfd8 22. Bg5 Rxd1+ 23. Qxd1 Ne6 24. Bf6 Bxe2 25. Nxe2 Nc4 26. Qc1 Ne5 27. Nf4 Nxf4 28. Qxf4 Nd7 29. c4 Qxc4 30. Bb2 Qe6 31. h5 c4 32. Qh6 Ne5 33. hxg6 Qxg6 34. Bxe5 Rd8 35. Qf4 c3 36. Bxc3 1-0